MARC details
| 000 -LEADER |
| fixed length control field |
03126cas a2200745 a 4500 |
| 001 - CONTROL NUMBER |
| control field |
11147576 |
| 003 - CONTROL NUMBER IDENTIFIER |
| control field |
BDDh-ASL |
| 005 - DATE AND TIME OF LATEST TRANSACTION |
| control field |
20231015030150.0 |
| 008 - FIXED-LENGTH DATA ELEMENTS--GENERAL INFORMATION |
| fixed length control field |
751101c19539999ii ar f0 a0eng |
| 010 ## - LIBRARY OF CONGRESS CONTROL NUMBER |
| LC control number |
54002074 |
| Canceled/invalid LC control number |
sn 85020914 |
| 016 7# - NATIONAL BIBLIOGRAPHIC AGENCY CONTROL NUMBER |
| Record control number |
01140710R |
| Source |
DNLM |
| 016 7# - NATIONAL BIBLIOGRAPHIC AGENCY CONTROL NUMBER |
| Record control number |
I08560000 |
| Source |
DNLM |
| 016 7# - NATIONAL BIBLIOGRAPHIC AGENCY CONTROL NUMBER |
| Record control number |
009532042 |
| Source |
Uk |
| 022 ## - INTERNATIONAL STANDARD SERIAL NUMBER |
| International Standard Serial Number |
0073-6090 |
| ISSN-L |
0073-6090 |
| Source |
20 |
| 025 ## - OVERSEAS ACQUISITION NUMBER |
| Overseas acquisition number |
I-E-E-113 54-2074 |
| 035 ## - SYSTEM CONTROL NUMBER |
| System control number |
(OCoLC)ocm01752763 |
| 040 ## - CATALOGING SOURCE |
| Original cataloging agency |
DLC |
| Language of cataloging |
eng |
| Transcribing agency |
MUL |
| Modifying agency |
YUS |
| -- |
HUL |
| -- |
NYG |
| -- |
OCL |
| -- |
RCS |
| -- |
OCL |
| -- |
IUL |
| -- |
AGL |
| -- |
NST |
| -- |
DLC |
| -- |
NST |
| -- |
IUL |
| -- |
WAU |
| -- |
NLM |
| -- |
OCLCQ |
| -- |
DLC |
| -- |
NLGGC |
| -- |
LVB |
| -- |
IUL |
| -- |
WAU |
| -- |
OCLCQ |
| -- |
UKMGB |
| -- |
CLU |
| -- |
OCLCQ |
| -- |
OCLCF |
| -- |
OCLCO |
| -- |
CSF |
| -- |
OCLCO |
| -- |
OCLCA |
| -- |
GILDS |
| -- |
OCLCA |
| -- |
OCLCQ |
| -- |
TXHLS |
| -- |
OCLCO |
| -- |
BDDh-ASL |
| 042 ## - AUTHENTICATION CODE |
| Authentication code |
pcc |
| 043 ## - GEOGRAPHIC AREA CODE |
| Geographic area code |
a-ii--- |
| 050 00 - LIBRARY OF CONGRESS CALL NUMBER |
| Classification number |
DS405 |
| Item number |
.I64 |
| 060 00 - NATIONAL LIBRARY OF MEDICINE CALL NUMBER |
| Classification number |
DS 405 |
| Item number |
I36 |
| 070 0# - NATIONAL AGRICULTURAL LIBRARY CALL NUMBER |
| Classification number |
280.9 |
| Item number |
In2743 |
| 072 #0 - SUBJECT CATEGORY CODE |
| Subject category code |
X000 |
| 082 00 - DEWEY DECIMAL CLASSIFICATION NUMBER |
| Classification number |
954 |
| Item number |
IND |
| 210 0# - ABBREVIATED TITLE |
| Abbreviated title |
India |
| Qualifying information |
(New Delhi) |
| 222 #0 - KEY TITLE |
| Key title |
India |
| Qualifying information |
(New Delhi) |
| 245 00 - TITLE STATEMENT |
| Title |
India, a reference annual, 1953 / |
| 246 14 - VARYING FORM OF TITLE |
| Title proper/short title |
India |
| 246 1# - VARYING FORM OF TITLE |
| Title proper/short title |
India ... a reference manual |
| 260 ## - PUBLICATION, DISTRIBUTION, ETC. |
| Place of publication, distribution, etc. |
Delhi : |
| Name of publisher, distributor, etc. |
Research and Reference Division, Ministry of Information and Broadcasting, Government of India, |
| Date of publication, distribution, etc. |
[1953?-] |
| -- |
1953. |
| 300 ## - PHYSICAL DESCRIPTION |
| Extent |
volumes : |
| Other physical details |
illustrations ; |
| Dimensions |
25 cm |
| 310 ## - CURRENT PUBLICATION FREQUENCY |
| Current publication frequency |
Annual |
| 336 ## - CONTENT TYPE |
| Content type term |
text |
| Content type code |
txt |
| Source |
rdacontent |
| 337 ## - MEDIA TYPE |
| Media type term |
unmediated |
| Media type code |
n |
| Source |
rdamedia |
| 338 ## - CARRIER TYPE |
| Carrier type term |
volume |
| Carrier type code |
nc |
| Source |
rdacarrier |
| 362 0# - DATES OF PUBLICATION AND/OR SEQUENTIAL DESIGNATION |
| Dates of publication and/or sequential designation |
1953- |
| 500 ## - GENERAL NOTE |
| General note |
Place of publication varies: New Delhi, 1968- |
| 515 ## - NUMBERING PECULIARITIES NOTE |
| Numbering peculiarities note |
Some volumes published in combined form. |
| 515 ## - NUMBERING PECULIARITIES NOTE |
| Numbering peculiarities note |
Issue for <2007-> also called <51st ed.-> |
| 530 ## - ADDITIONAL PHYSICAL FORM AVAILABLE NOTE |
| Additional physical form available note |
Also issued on CD-ROM format, 1999- |
| 550 ## - ISSUING BODY NOTE |
| Issuing body note |
Compiled by: Research and Reference Division, Ministry of Information and Broadcasting, Government of India, 1953- ; by: Research, Reference, and Training Division, Ministry of Information & Broadcasting, Government of India, <1994->; by: Publications Division, Ministry of Information & Broadcasting, Government of India, <2007-> |
| 588 ## - SOURCE OF DESCRIPTION NOTE |
| Source of description note |
Latest issue consulted: 2008. |
| 590 ## - LOCAL NOTE (RLIN) |
| Local note |
SERBIB/SERLOC merged record |
| 651 #0 - SUBJECT ADDED ENTRY--GEOGRAPHIC NAME |
| Geographic name |
India |
| Form subdivision |
Periodicals. |
| 651 #2 - SUBJECT ADDED ENTRY--GEOGRAPHIC NAME |
| Geographic name |
India. |
| 651 #6 - SUBJECT ADDED ENTRY--GEOGRAPHIC NAME |
| Geographic name |
Inde. |
| 651 #6 - SUBJECT ADDED ENTRY--GEOGRAPHIC NAME |
| Geographic name |
Inde |
| Form subdivision |
Périodiques. |
| 651 #7 - SUBJECT ADDED ENTRY--GEOGRAPHIC NAME |
| Geographic name |
India. |
| Source of heading or term |
fast |
| Authority record control number or standard number |
(OCoLC)fst01210276 |
| 651 #7 - SUBJECT ADDED ENTRY--GEOGRAPHIC NAME |
| Geographic name |
5.430. |
| Source of heading or term |
gtt |
| 655 #7 - INDEX TERM--GENRE/FORM |
| Genre/form data or focus term |
Periodicals. |
| Source of term |
fast |
| Authority record control number or standard number |
(OCoLC)fst01411641 |
| 655 #7 - INDEX TERM--GENRE/FORM |
| Genre/form data or focus term |
Yearbook. |
| Source of term |
gtlm |
| 655 #7 - INDEX TERM--GENRE/FORM |
| Genre/form data or focus term |
Periodicals. |
| Source of term |
lcgft |
| 710 1# - ADDED ENTRY--CORPORATE NAME |
| Corporate name or jurisdiction name as entry element |
India. |
| Subordinate unit |
Ministry of Information and Broadcasting. |
| -- |
Research and Reference Division. |
| 710 1# - ADDED ENTRY--CORPORATE NAME |
| Corporate name or jurisdiction name as entry element |
India. |
| Subordinate unit |
Ministry of Information and Broadcasting. |
| -- |
Research, Reference, and Training Division. |
| 710 1# - ADDED ENTRY--CORPORATE NAME |
| Corporate name or jurisdiction name as entry element |
India. |
| Subordinate unit |
Ministry of Information and Broadcasting. |
| -- |
Publications Division. |
| 776 1# - ADDITIONAL PHYSICAL FORM ENTRY |
| Title |
India, a reference annual (CD-ROM) |
| Record control number |
(DLC) 00253319 |
| -- |
(OCoLC)43163865 |
| 776 08 - ADDITIONAL PHYSICAL FORM ENTRY |
| Relationship information |
Online version: |
| Title |
India, a reference annual |
| Record control number |
(OCoLC)564904253 |
| 776 08 - ADDITIONAL PHYSICAL FORM ENTRY |
| Relationship information |
Online version: |
| Title |
India, a reference annual |
| Record control number |
(OCoLC)606318626 |
| 906 ## - LOCAL DATA ELEMENT F, LDF (RLIN) |
| a |
7 |
| b |
cbc |
| c |
serials |
| d |
2 |
| e |
ncip |
| f |
19 |
| g |
n-oclcserc |
| 942 ## - ADDED ENTRY ELEMENTS (KOHA) |
| Source of classification or shelving scheme |
Dewey Decimal Classification |
| Koha item type |
Books |